| 000 | 00680cam a22002531 4500 | ||
|---|---|---|---|
| 001 | sa 67001322 | ||
| 003 | DLC | ||
| 005 | 20260227112321.0 | ||
| 008 | 890111s1965 xx 000 0 hino | ||
| 010 | _asa 67001322 | ||
| 035 | _a(OCoLC)23555578 | ||
| 040 |
_aDLC _cMiU _dDLC |
||
| 042 | _apremarc | ||
| 043 | _aa-ii--- | ||
| 050 | 0 | 0 |
_aHG4242 _b.K82 |
| 100 | 1 |
_aKulshreshtha, Raghubir Sahai, _d1921- |
|
| 245 | 1 | 0 | _aNigama vitta. |
| 260 | _c1965. | ||
| 300 |
_a2, ix, 620, [a]-d. p. _billus. _c23 cm. |
||
| 500 | _aRomanized. | ||
| 650 | 0 |
_aCorporations _zIndia _xFinance. |
|
| 650 | 0 |
_aGovernment business enterprises _zIndia _xFinance. |
|
| 740 | 0 | _aCorporation finance. | |
| 999 |
_c72540 _d72540 |
||